| 000 | 00600nam a22001937a 4500 | ||
|---|---|---|---|
| 999 |
_c179256 _d179256 |
||
| 005 | 20210603152353.0 | ||
| 010 | _aB-739966 | ||
| 020 |
_a9788126015757 _c50.00 |
||
| 035 | _aB-739966 | ||
| 037 | _bGift | ||
| 082 | _a181.46 | ||
| 100 | _aRaghunathacharya, S. B. | ||
| 245 |
_aŚankarācārya / _cby S. B. Raghunathacharya |
||
| 260 |
_aNew Delhi _bSahitya Akademi _c2016 |
||
| 270 |
_aRabindra Bhavan, 35, Ferozshah Road _bNew Delhi _e110001 |
||
| 300 |
_a81p. _c22cm(pbk) |
||
| 942 |
_2ddc _cEN _h181.46 _mRAG |
||